000 00583cam a2200133 4500500
005 20260111091207.0
041 _afre
042 _adc
245 0 0 _aLa mort et l’au-delà. Textes choisis par les moines de l’Abbaye de Solesmes, coll. Ce que dit le Pape 38, Paris, Sarment, 2001, 18x11, 155 p., 6.40 €. ISBN 2-86679-323-4
260 _c2005.
500 _a15
786 0 _nNouvelle revue théologique | 127 | 1 | 2005-01-03 | p. 156v-169v | 0029-4845
856 4 1 _uhttps://shs.cairn.info/revue-nouvelle-revue-theologique-2005-1-page-156v?lang=fr&redirect-ssocas=7080
999 _c1620538
_d1620538